1675 1203 1146 1974 1699 1192 1140 1800 1560 1190 1213 1066 1462 1414 1197 1712 1455 1283 1144 1464 1251 1701 1435 1516 1967 1122 1862 1857 1497 1655 1473 1567 1283 1530 1106 1270 1649 1750 1471 1080 1973 1618 1390 1157 1746 1582 1179 1146 1999 1890 1670 1462 1130 1404 1477 1038 1686 1283 1131 1964 1252 1095 1695 1895 1919 1799 1944 1909 1472 1675 1796 1399 1370 1558 1122 1377 1067 1807 1716 1457 1485 1223 1516 1502 1444 1938 1891 1721 1019 1762 1800 1517 1612 1630 1025 1963 1342 1939 1318 BCNSPRNW ULIB Ver.6.0+V

เปลี่ยนเป็นภาษาไทย

Change to English
 แสดงรายละเอียดบรรณานุกรม
  กลับหน้าหลัก

Brief Record : Get Marc (ISO 2709) : E-mail record : QR code < ปิดหน้าต่าง
LEADER : 00000nam 2200000uu 4500
001    13399125439
003     ULIB
008    160805s2558 th b 000 0 tha d
020    ^a9786164063518
040    ^absi
060 04 ^aW32.JT3^bว712ว
100 0  ^aวิโรจน์ ไววานิชกิจ
245 10 ^aเวชจริยศาสตร์การแพทย์และสาธารณสุขและกรณีศึกษาสำหรับแพทย์พยาบาลและบุคลากรทางการแพทย์ /^cโดย วิโรจน์ ไววานิชกิจ
250    ^aพิมพ์ครั้งที่ 1
260    ^aกรุงเทพฯ :^bโรงพิมพ์แห่งจุฬาลงกรณ์มหาวิทยาลัย,^c2558
300    ^a105 หน้า ;^c21 ซม.
650  4 ^aจรรยาบรรณแพทย์
650  4 ^aจรรยาบรรณพยาบาล
650  4 ^aบุคลากรทางการแพทย์
945    ^p290^l0^i25010
945    ^p290^l0^i25011
945    ^p290^l0^i25012
945    ^p290^l0^i25013
945    ^p290^l0^i25014
995    ^aกัณชพร
999    ^aกัณชพร
รายการนี้ยังไม่มีแท็ก
คุณยังไม่ได้ล็อกอิน คุณสามารถมีกิจกรรมร่วมกับเว็บไซต์ได้ แต่ต้องล็อกอินก่อน ::
  ล็อกอิน

รายการสื่อสารสนเทศ

ลำดับที่ ประเภท เลขเรียก/บาร์โค้ด สถานที่ สถานะ
1. หนังสือสำรอง
หนังสือสำรอง
สถานะ=หนังสือเก่า
W32.JT3 ว712ว ฉ.1 
  Barcode: 25010
ห้องสมุดวิทยาเขตนครสวรรค์
►ส่วนจัดเก็บหนังสือเก่า นว.
บนชั้น
  ขอยืม
2. วิทยาศาสตร์การแพทย์ และสุขภาพ
วิทยาศาสตร์การแพทย์ และสุขภาพ
สถานะ=หนังสือเก่า
W32.JT3 ว712ว ฉ.2 
  Barcode: 25011
ห้องสมุดวิทยาเขตนครสวรรค์
►ส่วนจัดเก็บหนังสือเก่า นว.
บนชั้น
  ขอยืม
3. วิทยาศาสตร์การแพทย์ และสุขภาพ
วิทยาศาสตร์การแพทย์ และสุขภาพ
สถานะ=หนังสือเก่า
W32.JT3 ว712ว ฉ.3 
  Barcode: 25012
ห้องสมุดวิทยาเขตนครสวรรค์
►ส่วนจัดเก็บหนังสือเก่า นว.
บนชั้น
  ขอยืม
4. วิทยาศาสตร์การแพทย์ และสุขภาพ
วิทยาศาสตร์การแพทย์ และสุขภาพ
สถานะ=หนังสือเก่า
W32.JT3 ว712ว ฉ.4 
  Barcode: 25013
ห้องสมุดวิทยาเขตนครสวรรค์
►ส่วนจัดเก็บหนังสือเก่า นว.
บนชั้น
  ขอยืม
5. วิทยาศาสตร์การแพทย์ และสุขภาพ
วิทยาศาสตร์การแพทย์ และสุขภาพ
สถานะ=หนังสือเก่า
W32.JT3 ว712ว ฉ.5 
  Barcode: 25014
ห้องสมุดวิทยาเขตนครสวรรค์
►ส่วนจัดเก็บหนังสือเก่า นว.
บนชั้น
  ขอยืม

รายการใกล้เคียง
    ผู้แต่ง [วิโรจน์ ไววานิชกิจ]

    หัวเรื่อง [จรรยาบรรณแพทย์]
    หัวเรื่อง [จรรยาบรรณพยาบาล]
    หัวเรื่อง [บุคลากรทางการแพทย์]

BibComment


ยังไม่เคยถูกคอมเมนท์

คอมเมนท์ทรัพยากรรายการนี้
  คอมเมนท์: เวชจริยศาสตร์การ..


 Copyright 2026. Bcnsprnw @Library